| 000 | 01070cab a2200241 4500 | ||
|---|---|---|---|
| 001 | WB3520-42 | ||
| 008 | 090401t1999 xxu||||| |||| 00| 0 eng d | ||
| 035 | _a(Sirsi) u93577 | ||
| 041 | _aeng | ||
| 245 | _aVariations in the commercial rate | ||
| 260 | _c1999 | ||
| 350 | _a0 | ||
| 490 |
_aDaily Telegraph _v24 May 1999, 31(1) |
||
| 520 | _aThe DETR is due to publish consultation proposals as to how local authorities could vary the business rate. The plan is for all local authorities to be able to raise a supplementary 5%, with 'beacon' councils being allowed 10%. The main issues are: below what value would premises be exempt from rates; how should that be tapered and to what level; what link should there be between business rate and council tax rises; and how should businesses and councils negotiate the spending. | ||
| 650 | _aBEACON COUNCIL SCHEME | ||
| 650 | _aBUSINESS RATES | ||
| 650 | _aCOUNCIL TAX | ||
| 650 | _aLOCAL AUTHORITIES | ||
| 650 | _aSUPPLEMENTARY RATES | ||
| 690 | _aRATING AND VALUATION | ||
| 942 | _n0 | ||
| 948 | _c26/05/1999 | ||
| 999 |
_c59302 _d59302 |
||